Normal view
MARC view
Entry Topical Term
001 - CONTROL NUMBER
- control field: 33652
003 - CONTROL NUMBER IDENTIFIER
- control field: OSt
005 - DATE AND TIME OF LATEST TRANSACTION
- control field: 20221012124418.0
008 - FIXED-LENGTH DATA ELEMENTS
- fixed length control field: 221012|| aca||aabn | a|a d
040 ## - CATALOGING SOURCE
- Original cataloging agency: OSt
- Transcribing agency: OSt
150 ## - HEADING--TOPICAL TERM
- Topical term or geographic name entry element: Indian peacekeeping model, MONUC, Dr Congo, Air power, Robust peacekeeping.
670 ## - SOURCE DATA FOUND
- Source citation: Work cat.: (OSt): Isser, Rajesh 33651, UN peacekeeping in democratic republic of the Congo, 2003–2010: An operational perspective for air power employment
